[Event "Nova Gorica op 23rd"]
[Site "Nova Gorica"]
[Date "2018.01.27"]
[Round "3"]
[White "Milicevic, Zoran"]
[Black "Pirs, Matjaz"]
[Result "0-1"]
[WhiteElo "1600"]
[BlackElo "1987"]
[PlyCount "139"]
[EventDate "2018.01.26"]
[EventType "swiss"]
[EventRounds "9"]
[EventCountry "SLO"]
[SourceTitle "CBM 182 Extra"]
[Source "ChessBase"]
[SourceDate "2018.02.23"]
[SourceVersion "1"]
[SourceVersionDate "2018.02.23"]
[SourceQuality "1"]

1. d4 f5 2. Nf3 Nf6 3. g3 g6 4. Bg2 Bg7 5. 0-0 0-0 6. c3 c6 7. Bg5 d6 8. Bxf6 Bxf6 9. Nbd2 e5 10. dxe5 dxe5 11. e3 e4 12. Nd4 Qe7 13. Qb3+ Kg7 14. Rfd1 c5 15. Ne2 g5 16. h3 Nc6 17. a3 Ne5 18. Nc1 Be6 19. Qc2 h5 20. Nxe4 fxe4 21. Qxe4 Rad8 22. Nd3 Bd5 23. Qf5 Nxd3 24. Bxd5 Ne5 25. Be4 Rh8 26. f4 Nf7 27. Kf2 Kf8 28. Bc2 Nd6 29. Qd3 c4 30. Qe2 gxf4 31. exf4 Qxe2+ 32. Kxe2 Kf7 33. Kf3 Nc8 34. Rxd8 Rxd8 35. Rd1 Rxd1 36. Bxd1 Nd6 37. Ke3 Nf5+ 38. Kf3 Ng7 39. Ke4 Ke6 40. g4 hxg4 41. hxg4 Ne8 42. g5 Nd6+ 43. Ke3 Nf5+ 44. Ke4 Nd6+ 45. Ke3 Be7 46. Bg4+ Kd5 47. Bf3+ Kc5 48. Bg4 b5 49. Bd1 a5 50. Bg4 Nf7 51. g6 Nh6 52. Be6 Bf6 53. Ke4 Kd6 54. Bh3 Kc5 55. Bd7 b4 56. axb4+ axb4 57. cxb4+ Kxb4 58. Be6 Bxb2 59. Bxc4 Kxc4 60. f5 Bf6 61. Kf4 Kd5 62. g7 Ng8 63. Kf3 Ke5 64. Kg4 Bxg7 65. Kf3 Nh6 66. Ke3 Bf6 67. Kd3 Kd5 68. Ke3 Nf7 69. Kd3 Bd4 70. Kd2 0-1

[Event "Nova Gorica op 22nd"]
[Site "Nova Gorica"]
[Date "2017.01.29"]
[Round "5"]
[White "Milicevic, Zoran"]
[Black "Laco, Giuseppe"]
[Result "0-1"]
[WhiteElo "1592"]
[BlackElo "2002"]
[PlyCount "46"]
[EventDate "2017.01.27"]
[EventType "swiss"]
[EventRounds "9"]
[EventCountry "SLO"]
[SourceTitle "CBM 176 Extra"]
[Source "ChessBase"]
[SourceDate "2017.03.02"]
[SourceVersion "1"]
[SourceVersionDate "2017.03.02"]
[SourceQuality "1"]

1. d4 d5 2. Nf3 Bf5 3. g3 h6 4. Bg2 c6 5. Nbd2 Nf6 6. c4 e6 7. 0-0 Nbd7 8. b3 Be7 9. Re1 g5 10. Nf1 Ne4 11. c5 g4 12. Ne5 Nxe5 13. dxe5 Bxc5 14. Be3 d4 15. Bd2 Qb6 16. e3 Nxd2 17. Nxd2 dxe3 18. fxe3 Bxe3+ 19. Kh1 Rd8 20. Nc4 Rxd1 21. Nxb6 Rxe1+ 22. Rxe1 Bxb6 23. Rd1 Bc7 0-1

[Event "Nova Gorica op 21st"]
[Site "Nova Gorica"]
[Date "2016.01.30"]
[Round "2"]
[White "Milicevic, Zoran"]
[Black "Petrovic, Marko"]
[Result "1/2-1/2"]
[WhiteElo "1606"]
[BlackElo "1914"]
[PlyCount "97"]
[EventDate "2016.01.29"]
[EventType "swiss"]
[EventRounds "9"]
[EventCountry "SLO"]
[SourceTitle "CBM 170 Extra"]
[Source "ChessBase"]
[SourceDate "2016.02.25"]
[SourceVersion "1"]
[SourceVersionDate "2016.02.25"]
[SourceQuality "1"]

1. e4 e5 2. Nf3 Nc6 3. Bb5 Nf6 4. 0-0 Bc5 5. Bxc6 dxc6 6. d3 Bg4 7. Bg5 Qd6 8. h3 Bh5 9. Nbd2 b5 10. Qe1 0-0 11. Nh4 Bg6 12. Nxg6 hxg6 13. Nf3 Nh5 14. Be3 Bxe3 15. Qxe3 c5 16. Rad1 Rad8 17. a3 a5 18. g3 Rd7 19. Rd2 f6 20. Rfd1 Rfd8 21. c3 Qe6 22. Kg2 Kf7 23. Qxc5 Rh8 24. Rh1 c6 25. d4 exd4 26. Rxd4 Re7 27. Rd6 Qb3 28. Qxc6 Rhe8 29. Qd5+ Qxd5 30. Rxd5 b4 31. axb4 axb4 32. Rhd1 bxc3 33. bxc3 Rc8 34. R1d3 Rxe4 35. Rd7+ Ke8 36. Nd2 Re7 37. Rxe7+ Kxe7 38. Kf3 f5 39. g4 Nf6 40. Kf4 Rc5 41. c4 g5+ 42. Kf3 g6 43. Kg2 fxg4 44. hxg4 Nxg4 45. Rd5 Rxd5 46. cxd5 Kd6 47. Ne4+ Kxd5 48. Nxg5 Nxf2 49. Kxf2 1/2-1/2

[Event "Nova Gorica op 21st"]
[Site "Nova Gorica"]
[Date "2016.01.29"]
[Round "1"]
[White "Pregarac, Valter"]
[Black "Milicevic, Zoran"]
[Result "1-0"]
[WhiteElo "2099"]
[BlackElo "1606"]
[PlyCount "53"]
[EventDate "2016.01.29"]
[EventType "swiss"]
[EventRounds "9"]
[EventCountry "SLO"]
[SourceTitle "CBM 170 Extra"]
[Source "ChessBase"]
[SourceDate "2016.02.25"]
[SourceVersion "1"]
[SourceVersionDate "2016.02.25"]
[SourceQuality "1"]

1. d4 d5 2. c4 Nf6 3. cxd5 Nxd5 4. Nf3 g6 5. e4 Nf6 6. Nc3 Bg7 7. Be2 Bg4 8. Be3 0-0 9. Qb3 Qc8 10. h3 Bxf3 11. Bxf3 c6 12. 0-0 e6 13. Rac1 Nbd7 14. e5 Ne8 15. Bg5 Nc7 16. Ne4 Nb5 17. Rfd1 Nxe5 18. dxe5 Bxe5 19. Nf6+ Kg7 20. Ng4 Qc7 21. Qxb5 Bf4 22. Bxf4 Qxf4 23. Qe5+ Qxe5 24. Nxe5 h5 25. Rd7 Kf6 26. Nc4 Rab8 27. Na5 1-0

[Event "Nova Gorica op-A 20th"]
[Site "Nova Gorica"]
[Date "2015.01.31"]
[Round "2"]
[White "Milicevic, Zoran"]
[Black "Bomans, Arno"]
[Result "0-1"]
[WhiteElo "1691"]
[BlackElo "2250"]
[PlyCount "44"]
[EventDate "2015.01.30"]
[EventType "swiss"]
[EventRounds "9"]
[EventCountry "SLO"]
[SourceTitle "CBM 164 Extra"]
[Source "ChessBase"]
[SourceDate "2015.03.02"]
[SourceVersion "1"]
[SourceVersionDate "2015.03.02"]
[SourceQuality "1"]

1. e4 d6 2. d4 g6 3. Nf3 Bg7 4. Be2 Nf6 5. Nc3 c6 6. 0-0 0-0 7. Bg5 h6 8. Bxf6 Bxf6 9. Qd2 Bg7 10. Nd1 Nd7 11. c3 c5 12. Ne3 a6 13. Rfd1 Nf6 14. Qc2 cxd4 15. Nxd4 Qa5 16. Nc4 Qc7 17. Ne3 e6 18. Ng4 Nxg4 19. Bxg4 Bxd4 20. Qd2 Bg7 21. Qxd6 Qxd6 22. Rxd6 e5 0-1

[Event "SCG-ch U14"]
[Site "Niska Banja"]
[Date "2004.??.??"]
[Round "8"]
[White "Sarenac, Ivan"]
[Black "Milicevic, Zoran"]
[Result "1/2-1/2"]
[WhiteElo "2076"]
[BlackElo "2061"]
[PlyCount "103"]
[EventDate "2004.04.??"]
[EventType "swiss"]
[EventRounds "9"]
[EventCountry "YUG"]
[SourceTitle "CBM 099 Extra"]
[Source "ChessBase"]
[SourceDate "2004.05.04"]
[SourceVersion "1"]
[SourceVersionDate "2004.05.04"]
[SourceQuality "1"]

1. e4 c5 2. c3 e6 3. d4 d5 4. exd5 exd5 5. Nf3 Nf6 6. Bg5 Be7 7. Bxf6 Bxf6 8. dxc5 0-0 9. Be2 Be6 10. 0-0 Qc7 11. Nd4 Qxc5 12. Nxe6 fxe6 13. Bg4 Re8 14. Nd2 Nc6 15. Nb3 Qd6 16. Qe2 Re7 17. Rad1 Ne5 18. Bh3 Qb6 19. Kh1 Ng6 20. f4 Rae8 21. Qd2 Rd8 22. Bxe6+ Rxe6 23. f5 Re3 24. fxg6 hxg6 25. Qf2 Qe6 26. Rde1 Re8 27. Nc5 Qe7 28. Rxe3 Qxe3 29. Qxe3 Rxe3 30. Nxb7 Re2 31. Rb1 d4 32. cxd4 Bxd4 33. h3 Bxb2 34. a4 Be5 35. Na5 Ra2 36. Nc6 Bg3 37. Nxa7 Rxa4 38. Nb5 Kh7 39. Nc3 Ra3 40. Ne4 Bf4 41. Rf1 Be5 42. Ng5+ Kg8 43. Re1 Ra5 44. Rc1 Kf8 45. Rf1+ Ke7 46. Nf3 Bg3 47. Nd4 Ra4 48. Nf3 Ra5 49. Nd4 Ra2 50. Nc6+ Ke6 51. Nb4 Rd2 52. Rc1 1/2-1/2